zpět

Detail výsledku týmu

Pub Na Plech ČT - Žižkov, Praha

Datum a čas kvízu

25.5 Celkem bodů Celkový počet nahraných bodů na tomto kvízu bez doplňovacích otázek.
3. Pořadí na kvízu Konečné umístění týmu na tomto kvízu.

Zaznamenané odpovědi

# Otázka Odpověď Body Výsledky
1. Co bylo minulý týden spuštěno... fontána 1
2. Nejstarší podzemní dráha na sv... po Alžbětě II. 1
3. Uveďte název komedie režiséra... Tři tygři ve filmu: JACKPOT 0
4. Raketa Falcon 9 společnosti Sp... Hurvínek 0
5. Pořadatelé mistrovství světa v... barvy byly popsány slovně 1
6. Téma námořních katastrof snad... v dubnu 1912 0
7. Toto námořní neštěstí si možná... Kursk, Barentsovo moře 0
8. Nyní zavítáme do trochu vzdále... Vasa 1
9. Americká velrybářská loď Essex... Herman Melville, Bílá velryba (Moby-Dick) 0.5
10. Vyberte, které z následujících... A 0